000 00737cam a2200253 4500500
005 20260405002904.0
041 _afre
042 _adc
100 1 0 _ade Oliveira, Victorine
_eauthor
245 0 0 _aPacôme Thiellement : “Sohrawardi m’a fait accéder au monde de l’âme”
260 _c2019.
500 _a1
690 _aÂme
690 _aExégèse
690 _aIran
690 _aIslam
690 _aMystique
690 _aPacôme Thiellement
690 _aPerse
690 _aRêve
690 _aSohrawardi
786 0 _nPhilosophie magazine | 127 | 3 | 2019-03-01 | p. 31-32 | 1951-1787
856 4 1 _uhttps://shs.cairn.info/magazine-philosophie-magazine-2019-3-page-31?lang=fr&redirect-ssocas=7080
999 _c2062167
_d2062167